Dependencia política y colonialismo: ideología independentista y lucha de clases en Belice; notas sobre un proyecto de investigación

Gorde:
Xehetasun bibliografikoak
Egile nagusia: Aguilera Peralta, Gabriel
Formatua: Texto
Argitaratua: Panamá :
Etiketak: Etiketa erantsi
Etiketarik gabe, Izan zaitez lehena erregistro honi etiketa jartzen!

MARC

LEADER 00000 a a2200000 04500
001 17733
003
040
090 |a EXTRAVIADO  
100 |a Aguilera Peralta, Gabriel  
245 |a Dependencia política y colonialismo: ideología independentista y lucha de clases en Belice; notas sobre un proyecto de investigación  
260 |a Panamá :  
300 |a 23 p.  
500 |a Tmbién EN: Anuario de Estudios Centroamericanos, n° 3, 1977, pp. 81-95. N° acceso: 048304  
999 |c 13258  |d 13258